000 00486nam a2200181Ia 4500
003 GCL
008 140319s9999 xx 000 0 eng d
040 _aGCL /
_cGCL
082 0 4 _a004.35
_bC P
100 1 _aCHAUDHURI, PRANAY
245 1 0 _aPARALLEL ALGORITHMS: DESIGN AND ANALYSIS /
_cCHAUDHURI, PRANAY
260 _a[S.N] :
_bPRENTICE HALL ،
_c1991
300 _a314 P
650 0 4 _aPARALLEL PROCESSING
650 0 4 _aELECTRONIC COMPUTER
650 0 4 _aCOMPUTER
942 _2ddc
_cBK
999 _c23825
_d23825